| 000 | 01588nam0a2200349 4500 | ||
|---|---|---|---|
| 001 | RU\NLR\BIBL_A\011901098 | ||
| 005 | 20190312141902.0 | ||
| 021 |
_aRU _bКН-П-18-091276 _9КН-П-18-6629 |
||
| 035 | _a(NLR Aleph) 011901098 | ||
| 035 | _a(RuMoRGB)009825391 | ||
| 090 |
_a10883601 _c10883601 |
||
| 100 | _a20181226d2018 k y0rusy50 ca | ||
| 101 | 0 |
_arus _deng |
|
| 102 | _aRU | ||
| 105 | _aa z 000zy | ||
| 200 | 1 |
_aЛицензии для научных архивов открытого доступа _fТ. А. Полилова |
|
| 210 |
_aМосква _cИПМ им. М.В. Келдыша РАН _d2018 |
||
| 215 |
_a20 с. _cил., цв. ил. _d20 |
||
| 225 | 1 |
_aПрепринт _fИн-т приклад. математики им. М. В. Келдыша Рос. акад. наук _v№ 233 за 2018 г. _x2071-2898 |
|
| 225 | 1 |
_aПрепринты ИПМ им. М. В. Келдыша _dKeldysh Institute Preprints _zeng |
|
| 300 | _aРез. англ. | ||
| 320 | _aБиблиогр.: с. 19-20 (16 назв.) | ||
| 606 | 1 |
_aЛицензирование _xПравовое регулирование _92579118 _3RU\NLR\AUTH\661524775 |
|
| 610 | 0 | _aнаучные архивы открытого доступа - авторские права | |
| 610 | 0 | _aэлектронные научные журналы - лецензии | |
| 686 | 1 | _aХ621.17 | |
| 700 | 1 |
_aПолилова _bТ. А. _gТатьяна Алексеевна |
|
| 942 | _cBOOK | ||
| 980 | _aNBR | ||
| 980 | _aNB | ||